<?xml version="1.0" encoding="UTF-8"?>
<record
    xmlns:xsi="http://www.w3.org/2001/XMLSchema-instance"
    xsi:schemaLocation="http://www.loc.gov/MARC21/slim http://www.loc.gov/standards/marcxml/schema/MARC21slim.xsd"
    xmlns="http://www.loc.gov/MARC21/slim">

  <leader>01101 am a22003135a 4500</leader>
  <controlfield tag="001">016583897</controlfield>
  <controlfield tag="003">OSt</controlfield>
  <controlfield tag="005">20201128024142.0</controlfield>
  <controlfield tag="008">131210t2014    enka   frb    001 0 eng d</controlfield>
  <datafield tag="020" ind1=" " ind2=" ">
    <subfield code="a">9781292040110</subfield>
  </datafield>
  <datafield tag="040" ind1=" " ind2=" ">
    <subfield code="a">UkOxU</subfield>
    <subfield code="b">eng</subfield>
    <subfield code="c">UkOxU</subfield>
    <subfield code="d">Uk</subfield>
    <subfield code="d">EG-ScBUE</subfield>
  </datafield>
  <datafield tag="082" ind1="0" ind2="4">
    <subfield code="2">22</subfield>
    <subfield code="a">339</subfield>
    <subfield code="b">OSU</subfield>
  </datafield>
  <datafield tag="100" ind1="1" ind2=" ">
    <subfield code="a">O'Sullivan, Arthur.</subfield>
    <subfield code="9">17757</subfield>
  </datafield>
  <datafield tag="245" ind1="1" ind2="0">
    <subfield code="a">Macroeconomics :</subfield>
    <subfield code="b">principles, applications and tools /</subfield>
    <subfield code="c">O'Sullivan, Sheffrin, Perez.</subfield>
  </datafield>
  <datafield tag="250" ind1=" " ind2=" ">
    <subfield code="a">8th ed., Pearson new international ed.</subfield>
  </datafield>
  <datafield tag="260" ind1=" " ind2=" ">
    <subfield code="a">Harlow :</subfield>
    <subfield code="b">Pearson Education Limited,</subfield>
    <subfield code="c">c.2014.</subfield>
  </datafield>
  <datafield tag="300" ind1=" " ind2=" ">
    <subfield code="a">ii, 380 p. :</subfield>
    <subfield code="b">ill. ;</subfield>
    <subfield code="c">28 cm.</subfield>
  </datafield>
  <datafield tag="490" ind1="0" ind2=" ">
    <subfield code="a">Pearson custom library</subfield>
  </datafield>
  <datafield tag="500" ind1=" " ind2=" ">
    <subfield code="a">Publication date from publisher's website.</subfield>
  </datafield>
  <datafield tag="500" ind1=" " ind2=" ">
    <subfield code="a">Adapted for use outside U.S. and Canada from the standard eighth edition, &#xA9;2014.</subfield>
  </datafield>
  <datafield tag="504" ind1=" " ind2=" ">
    <subfield code="a">Includes bibliographical references and index.</subfield>
  </datafield>
  <datafield tag="650" ind1=" " ind2="7">
    <subfield code="a">Macroeconomics.</subfield>
    <subfield code="2">BUEsh</subfield>
    <subfield code="9">1321</subfield>
  </datafield>
  <datafield tag="651" ind1=" " ind2=" ">
    <subfield code="2">BUEsh</subfield>
  </datafield>
  <datafield tag="653" ind1=" " ind2=" ">
    <subfield code="b">LLAAWW</subfield>
    <subfield code="c">April2017</subfield>
  </datafield>
  <datafield tag="690" ind1="7" ind2=" ">
    <subfield code="a">Management and Business Studies</subfield>
    <subfield code="2">blcoll</subfield>
  </datafield>
  <datafield tag="700" ind1="1" ind2=" ">
    <subfield code="a">Sheffrin, Steven M.</subfield>
  </datafield>
  <datafield tag="700" ind1="1" ind2=" ">
    <subfield code="a">Perez, Stephen J.</subfield>
    <subfield code="9">28733</subfield>
  </datafield>
  <datafield tag="942" ind1=" " ind2=" ">
    <subfield code="2">ddc</subfield>
  </datafield>
  <datafield tag="999" ind1=" " ind2=" ">
    <subfield code="c">24717</subfield>
    <subfield code="d">24689</subfield>
  </datafield>
  <datafield tag="952" ind1=" " ind2=" ">
    <subfield code="0">0</subfield>
    <subfield code="1">0</subfield>
    <subfield code="2">ddc</subfield>
    <subfield code="4">0</subfield>
    <subfield code="7">0</subfield>
    <subfield code="8">Scien G.</subfield>
    <subfield code="a">MAIN</subfield>
    <subfield code="b">MAIN</subfield>
    <subfield code="c">1ST</subfield>
    <subfield code="d">2017-04-26</subfield>
    <subfield code="e">Purchase</subfield>
    <subfield code="g">620.00</subfield>
    <subfield code="h">666</subfield>
    <subfield code="l">0</subfield>
    <subfield code="o">339 OSU</subfield>
    <subfield code="p">000041711</subfield>
    <subfield code="r">2025-07-15 00:00:00</subfield>
    <subfield code="v">775.00</subfield>
    <subfield code="y">BB</subfield>
  </datafield>
</record>
